000 00390 a2200121 4500
001 ART_45153
005 20260410162039.0
008 260409a
245 1 0 _aAl encuentro de los paradigmas del siglo XXI
100 1 _aLaurelli, Elsa
700 1 _aTomadoni, Claudia
773 0 _tRevista de estudios regionales y mercado de trabajo
_g- NÂș 10 (ene./dic. 2014)
_wREV44894
999 _c34705
_d34705